Reglamento general para el régimen literario e interior de las reales academias de medicina y cirugía del Reino, formado por la Real Junta Superior Gubernativa de estas dos partes de la ciencia de curar, y aprobado por S. M. (Record no. 163047)

MARC details
000 -LEADER
campo de control de longitud fija 01299nam a2200253 i 4500
001 - NÚMERO DE CONTROL
campo de control 163047
003 - IDENTIFICADOR DE NÚMERO DE CONTROL
campo de control ES-MaACL
005 - FECHA Y HORA DE LA ÚLTIMA TRANSACCIÓN
campo de control 20250807063221.0
008 - DATOS DE LONGITUD FIJA--INFORMACIÓN GENERAL
campo de control de longitud fija 931025s1831 sp |||| | spa d
110 2# - ENTRADA PRINCIPAL--NOMBRE DE ENTIDAD CORPORATIVA
9 (RLIN) 6318
Nombre de entidad corporativa o nombre de jurisdicción como elemento de entrada Real Academia de Medicina de Madrid
Término indicativo de función/relación entidad responsable
245 10 - MENCIÓN DEL TÍTULO
Título Reglamento general para el régimen literario e interior de las reales academias de medicina y cirugía del Reino, formado por la Real Junta Superior Gubernativa de estas dos partes de la ciencia de curar, y aprobado por S. M.
260 ## - PUBLICACIÓN, DISTRIBUCIÓN, ETC.
Lugar de publicación, distribución, etc. Madrid :
Nombre del editor, distribuidor, etc. [Real Academia de Medicina],
Fecha de publicación, distribución, etc. 1831
Fabricante (Imp. Real)
300 ## - DESCRIPCIÓN FÍSICA
Extensión 104 páginas ;
Dimensiones 22 cm
530 ## - NOTA DISPONIBLE DE FORMULARIO FÍSICO ADICIONAL
Nota de formato físico adicional disponible Disponible en formato digital
650 #7 - PUNTO DE ACCESO ADICIONAL DE MATERIA--TÉRMINO DE MATERIA
Término de materia o nombre geográfico como elemento de entrada Medicina-
Subdivisión geográfica España-
Subdivisión cronológica S.XIX
Fuente del encabezamiento o término
9 (RLIN) 147760
650 #4 - PUNTO DE ACCESO ADICIONAL DE MATERIA--TÉRMINO DE MATERIA
Término de materia o nombre geográfico como elemento de entrada Cirugía-
Subdivisión geográfica España-
Subdivisión cronológica S.XIX
9 (RLIN) 241604
852 ## - LOCALIZACIÓN
Ubicación ES-MaACL
Ubicación en estantería Sala Pecera Planta 3
Número de control de estantería G-9618(2)
Encuadernación Holandesa
856 ## - LOCALIZACIÓN Y ACCESO ELECTRÓNICOS
Identificador Uniforme de Recursos <a href="https://patrimoniodigital.ucm.es/s/patrimonio/item/607761">https://patrimoniodigital.ucm.es/s/patrimonio/item/607761</a>
Texto de enlace Versión en línea
Nota pública (Patrimonio Digital Complutense)
856 ## - LOCALIZACIÓN Y ACCESO ELECTRÓNICOS
Identificador Uniforme de Recursos <a href="https://patrimoniodigital.ucm.es/s/patrimonio/item/607762">https://patrimoniodigital.ucm.es/s/patrimonio/item/607762</a>
Texto de enlace Versión en línea
Nota pública (Patrimonio Digital Complutense)
856 ## - LOCALIZACIÓN Y ACCESO ELECTRÓNICOS
Identificador Uniforme de Recursos <a href="https://patrimoniodigital.ucm.es/s/patrimonio/item/607763">https://patrimoniodigital.ucm.es/s/patrimonio/item/607763</a>
Texto de enlace Versión en línea
Nota pública (Patrimonio Digital Complutense)
942 ## - ELEMENTOS DE ENTRADA SECUNDARIOS (KOHA)
Fuente del sistema de clasificación o colocación Clasificación decimal universal
Tipo de ítem Koha Libro impreso antiguo
Suprimir en OPAC No
Holdings
Estatus retirado Estado de pérdida Estado de daño No para préstamo Colección Biblioteca de origen Biblioteca actual Ubicación en estantería Fecha de adquisición Fuente de adquisición Total de préstamos Signatura topográfica completa Código de barras Visto por última vez Precio de reemplazo Tipo de ítem Koha
        Libros del s. XIX Biblioteca del Ateneo de Madrid Biblioteca del Ateneo de Madrid Sala Pecera Planta 3 17/01/2008     G-9618(2) 1170842 23/02/2023 23/02/2023 Libro impreso antiguo